| 000 | 00435cam a2200181ua 4500 | ||
|---|---|---|---|
| 020 | _c1.75 | ||
| 041 |
_amal _h |
||
| 082 |
_a894.81209 _bGEO/IT |
||
| 100 | _aGeorge Onakoor, . | ||
| 245 |
_aIthyhasapushpangal / _cGeorge Onakoor. _hTextual Documents |
||
| 250 |
_a1 / _b. |
||
| 260 |
_aOnakkor : _bGeorge Onakoor , _c1969. |
||
| 300 | _a106 ; . | ||
| 365 | _a1.75 | ||
| 504 | _a | ||
| 942 | _cBK | ||
| 999 |
_c11689 _d11689 |
||